• 首页
  • 本馆介绍
  • 公告通知
  • 最新文献
  • 馆藏检索
  • 电子资源
  • 读者导购
  • 参考咨询
  • 我的图书馆
  • 登录
  • 详细信息显示
  • 放入我的书架
  • 预约/预借图书
  • 作者相关作品
  • 分类相关作品
  • 丛书相关作品
  • 出版社相关作品

书目信息

  • 表格格式
  • 工作单格式
  • 卡片格式
题名:
家畜行为与福利
    
 
作者: 布鲁姆 , 弗雷泽 编著 ;魏荣 主译
分册:  
出版信息: 北京   中国农业出版社  2015
页数: 474页
开本: 23cm
丛书名: 世界兽医经典著作译丛
单 册:
中图分类: S82 , S815.4
科图分类:
主题词: 畜牧学--饲养管理
电子资源:
ISBN: 978-7-109-18923-2
000 01221nam0 2200313 450
001 2988
005 20161207152315.06
010    @a978-7-109-18923-2@dCNY85.00
100    @a20160225d2015 em y0chiy50 ea
101 1  @achi@ceng
102    @aCN@b110000
105    @aa z 000yy
200 1  @a家畜行为与福利@9jia chu xing wei yu fu li@dDomestic animal behaviour and welfare@zeng@f(英)D.M.Broom,(加)A.F.Frase编著@g魏荣[等]主译
210    @a北京@c中国农业出版社@d2015
215    @a474页@c图@d23cm
225 2  @a世界兽医经典著作译丛
300    @a动物疫病防控出版工程 国家出版基金项目
305    @aCAB INTERNATIONAL授权出版 据原书第4版译出
330    @a本书讲述了农场动物、宠物和兽医工作等在内的实用信息,并提供动物行为科学信息,可用于动物福利评估、动物遗传选育和不同管理方法效果评价、饲养条件评估等。
461  0 @1001002945602
510 1  @aDomestic animal behaviour and welfare@zeng
606 0  @a畜牧学@x饲养管理
690    @aS82@v5
690    @aS815.4@v4
701  0 @a布鲁姆@9bu lu mu@c(Broom, D.M.)@c(英)@4编著
701  0 @a弗雷泽@9fu lei ze@c(Frase, A.F.)@c(加)@4编著
702  0 @a魏荣@9wei rong@c(动物学)@4主译
801  0 @aCN@b大连网信软件有限公司图书馆·11@c20161207
905    @aZUCC@dS82@e129
    
    家畜行为与福利=Domestic animal behaviour and welfare/(英)D.M.Broom,(加)A.F.Frase编著/魏荣[等]主译.-北京:中国农业出版社,2015
    474页:图;23cm.-(世界兽医经典著作译丛)
    动物疫病防控出版工程 国家出版基金项目
    
    ISBN 978-7-109-18923-2:CNY85.00
    本书讲述了农场动物、宠物和兽医工作等在内的实用信息,并提供动物行为科学信息,可用于动物福利评估、动物遗传选育和不同管理方法效果评价、饲养条件评估等。
●
相关链接 在E读中查询图书 在五车中查询图书 在当当中查询图书 在豆瓣中查询图书


正题名:家畜行为与福利     索取号:S82/129         预约/预借

序号 登录号 条形码 馆藏地/架位号 状态 备注
1 912371   209123713   第二样本阅览室/ [索取号:S82/129] 在馆    
2 912372   209123722   第三借阅区/ [索取号:S82/129] 在馆    
3 912373   209123731   第三借阅区/ [索取号:S82/129] 在馆    
4 912374   209123740   第三借阅区/ [索取号:S82/129] 在馆    
唐山师范学院图书馆 欢迎您!
大连网信软件有限公司© 版权所有